Robust design methodology for reliability (E-BOOK) (Record no. 213245)

000 -LEADER
fixed length control field 06490 a2200637 4500
003 - CONTROL NUMBER IDENTIFIER
control field Nust
005 - DATE AND TIME OF LATEST TRANSACTION
control field 20170207165830.0
010 ## - LIBRARY OF CONGRESS CONTROL NUMBER
LC control number 2009025911
020 ## - INTERNATIONAL STANDARD BOOK NUMBER
International Standard Book Number 9780470748794
020 ## - INTERNATIONAL STANDARD BOOK NUMBER
International Standard Book Number 9780470748794
024 7# - OTHER STANDARD IDENTIFIER
Standard number or code 10.1002/9780470748794
035 ## - SYSTEM CONTROL NUMBER
System control number (EBZ)ebs594655e
035 ## - SYSTEM CONTROL NUMBER
System control number (EBZ)ebs594655e
035 ## - SYSTEM CONTROL NUMBER
System control number (EBZ)ebs594655e
035 ## - SYSTEM CONTROL NUMBER
System control number (EBZ)ebs594655e
035 ## - SYSTEM CONTROL NUMBER
System control number (OCoLC)441893040
035 ## - SYSTEM CONTROL NUMBER
System control number (WaSeSS)ssj0000239019
035 ## - SYSTEM CONTROL NUMBER
System control number (WaSeSS)ssj0000239019
035 ## - SYSTEM CONTROL NUMBER
System control number (WaSeSS)ssj0000239019
035 ## - SYSTEM CONTROL NUMBER
System control number (WaSeSS)ssj0000239019
035 ## - SYSTEM CONTROL NUMBER
System control number (WaSeSS)ssj0000239019
035 ## - SYSTEM CONTROL NUMBER
System control number (WaSeSS)ssj0000239019
035 ## - SYSTEM CONTROL NUMBER
System control number (WaSeSS)ssj0000239019
040 ## - CATALOGING SOURCE
Transcribing agency Nust
082 04 - DEWEY DECIMAL CLASSIFICATION NUMBER
Classification number 620.00452
082 04 - DEWEY DECIMAL CLASSIFICATION NUMBER
Classification number 658.5
245 00 - TITLE STATEMENT
Title Robust design methodology for reliability (E-BOOK)
Medium [Elektronisk resurs] :
Remainder of title exploring the effects of variation and uncertainty /
Statement of responsibility, etc. edited by Bo Bergman ... [et al.].
260 ## - PUBLICATION, DISTRIBUTION, ETC.
Place of publication, distribution, etc. Chichester, U.K. :
Name of publisher, distributor, etc. Wiley,
Date of publication, distribution, etc. 2009.
300 ## - PHYSICAL DESCRIPTION
Extent 1 online resource (xxi, 191 p.) :
Other physical details ill.
520 ## - SUMMARY, ETC.
Summary, etc. "Advocates a new approach to reliability thinking that addresses the design process and proneness to failure in the design phase via sensitivity to variation management. Includes contributions from both academics and industry practitioners with a broad scope of expertise, including quality science, mathematical statistics and reliability engineering. Takes the innovative approach of promoting the study of variation and uncertainty as a basis for reliability work. Includes case studies and illustrative examples that translate the theory into practice"--Provided by publisher.
520 ## - SUMMARY, ETC.
Summary, etc. "The contributions of Exploring Unreliability and Its Countermeasures aim to address reliability problems in a constructive manner and offer a comprehensive design theory for reliability utilizing robust design methodology and six sigma frameworks. They advocate testing for robustness in the early stages of product design development, and consider varying uncertainties that are sometimes inherent in model assumptions for design solutions but which should not affect the system solution. Many companies today utilise design for Six Sigma (DfSS) for strategic improvement of the design process but often these initiatives do not explicitly describe the reliability perspective; this book explains how reliability design can relate to and work with DfSS and illustrates this with vivid illustrations from real - world problems. Advocates a new approach to reliability thinking that addresses the design process and proneness to failure in the design phase via sensitivity to variation management. Includes contributions from both academics and industry practitioners with a broad scope of expertise, including quality science, mathematical statistics and reliability engineering. Takes the innovative approach of promoting the study of variation and uncertainty as a basis for reliability work. Includes case studies and illustrative examples from real-world problems that translate the theory into practice"--Provided by publisher.
650 #0 - SUBJECT ADDED ENTRY--TOPICAL TERM
Topical term or geographic name entry element Telecommunications engineering - (E-BOOK)
655 #4 - INDEX TERM--GENRE/FORM
Genre/form data or focus term Electronic books.
655 #4 - INDEX TERM--GENRE/FORM
Genre/form data or focus term Electronic books.
700 1# - ADDED ENTRY--PERSONAL NAME
Personal name Bergman, Bo,
Dates associated with a name 1943-
710 2# - ADDED ENTRY--CORPORATE NAME
Corporate name or jurisdiction name as entry element Wiley InterScience (Online service)
856 42 - ELECTRONIC LOCATION AND ACCESS
Materials specified John Wiley
Uniform Resource Identifier <a href="http://dx.doi.org/10.1002/9780470748794">http://dx.doi.org/10.1002/9780470748794</a>
856 42 - ELECTRONIC LOCATION AND ACCESS
Uniform Resource Identifier <a href="http://costello.pub.hb.se/login?url=http://site.ebrary.com/lib/boras/Top?id=10331496">http://costello.pub.hb.se/login?url=http://site.ebrary.com/lib/boras/Top?id=10331496</a>
856 42 - ELECTRONIC LOCATION AND ACCESS
Uniform Resource Identifier <a href="http://db.ub.oru.se/login?url=http://site.ebrary.com/lib/universitetsbiblioteket/Top?id=10331496">http://db.ub.oru.se/login?url=http://site.ebrary.com/lib/universitetsbiblioteket/Top?id=10331496</a>
856 42 - ELECTRONIC LOCATION AND ACCESS
Uniform Resource Identifier <a href="http://ezproxy.bib.hh.se/login?url=http://site.ebrary.com/lib/halmstad/Top?id=10331496">http://ezproxy.bib.hh.se/login?url=http://site.ebrary.com/lib/halmstad/Top?id=10331496</a>
856 42 - ELECTRONIC LOCATION AND ACCESS
Uniform Resource Identifier <a href="http://ezproxy.its.uu.se/login?url=http://site.ebrary.com/lib/uppsala/Top?id=10331496">http://ezproxy.its.uu.se/login?url=http://site.ebrary.com/lib/uppsala/Top?id=10331496</a>
856 42 - ELECTRONIC LOCATION AND ACCESS
Uniform Resource Identifier <a href="http://link.sub.su.se/sfxsub?url_ver=Z39.88-2004&ctx_ver=Z39.88-2004&ctx_enc=info:ofi/enc:UTF-8&rfr_id=info:sid/sfxit.com:opac_856&url_ctx_fmt=info:ofi/fmt:kev:mtx:ctx&sfx.ignore_date_threshold=1&rft.object_id=1000000000794231&svc_val_fmt=info:ofi/fmt:kev:mtx:sch_svc&">http://link.sub.su.se/sfxsub?url_ver=Z39.88-2004&ctx_ver=Z39.88-2004&ctx_enc=info:ofi/enc:UTF-8&rfr_id=info:sid/sfxit.com:opac_856&url_ctx_fmt=info:ofi/fmt:kev:mtx:ctx&sfx.ignore_date_threshold=1&rft.object_id=1000000000794231&svc_val_fmt=info:ofi/fmt:kev:mtx:sch_svc&</a>
856 42 - ELECTRONIC LOCATION AND ACCESS
Uniform Resource Identifier <a href="http://miman.bib.bth.se/login?url=http://site.ebrary.com/lib/bthbib/Top?id=10331496">http://miman.bib.bth.se/login?url=http://site.ebrary.com/lib/bthbib/Top?id=10331496</a>
856 42 - ELECTRONIC LOCATION AND ACCESS
Uniform Resource Identifier <a href="http://proxy.lib.chalmers.se/login?url=http://onlinelibrary.wiley.com/book/10.1002/9780470748794">http://proxy.lib.chalmers.se/login?url=http://onlinelibrary.wiley.com/book/10.1002/9780470748794</a>
856 42 - ELECTRONIC LOCATION AND ACCESS
Uniform Resource Identifier <a href="http://proxy.lib.chalmers.se/login?url=http://site.ebrary.com/lib/chalmers/Top?id=10331496">http://proxy.lib.chalmers.se/login?url=http://site.ebrary.com/lib/chalmers/Top?id=10331496</a>
856 42 - ELECTRONIC LOCATION AND ACCESS
Uniform Resource Identifier <a href="http://proxy.lib.ltu.se/login?url=http://site.ebrary.com/lib/lulea/Top?channelName=lulea&cpage=1&docID=10331496">http://proxy.lib.ltu.se/login?url=http://site.ebrary.com/lib/lulea/Top?channelName=lulea&cpage=1&docID=10331496</a>
856 42 - ELECTRONIC LOCATION AND ACCESS
Uniform Resource Identifier <a href="http://sfxeu10.hosted.exlibrisgroup.com/sfxkth?url_ver=Z39.88-2004&ctx_ver=Z39.88-2004&ctx_enc=info:ofi/enc:UTF-8&rfr_id=info:sid/sfxit.com:opac_856&url_ctx_fmt=info:ofi/fmt:kev:mtx:ctx&sfx.ignore_date_threshold=1&rft.object_id=1000000000794231&svc_val_fmt=info:ofi/fmt:kev:mtx:sch_svc&">http://sfxeu10.hosted.exlibrisgroup.com/sfxkth?url_ver=Z39.88-2004&ctx_ver=Z39.88-2004&ctx_enc=info:ofi/enc:UTF-8&rfr_id=info:sid/sfxit.com:opac_856&url_ctx_fmt=info:ofi/fmt:kev:mtx:ctx&sfx.ignore_date_threshold=1&rft.object_id=1000000000794231&svc_val_fmt=info:ofi/fmt:kev:mtx:sch_svc&</a>
856 42 - ELECTRONIC LOCATION AND ACCESS
Uniform Resource Identifier <a href="http://sfxeu11.hosted.exlibrisgroup.com/mah?url_ver=Z39.88-2004&ctx_ver=Z39.88-2004&ctx_enc=info:ofi/enc:UTF-8&rfr_id=info:sid/sfxit.com:opac_856&url_ctx_fmt=info:ofi/fmt:kev:mtx:ctx&sfx.ignore_date_threshold=1&rft.object_id=1000000000794231&svc_val_fmt=info:ofi/fmt:kev:mtx:sch_svc&">http://sfxeu11.hosted.exlibrisgroup.com/mah?url_ver=Z39.88-2004&ctx_ver=Z39.88-2004&ctx_enc=info:ofi/enc:UTF-8&rfr_id=info:sid/sfxit.com:opac_856&url_ctx_fmt=info:ofi/fmt:kev:mtx:ctx&sfx.ignore_date_threshold=1&rft.object_id=1000000000794231&svc_val_fmt=info:ofi/fmt:kev:mtx:sch_svc&</a>
856 42 - ELECTRONIC LOCATION AND ACCESS
Uniform Resource Identifier <a href="http://sfxeu11.hosted.exlibrisgroup.com/sfxmiu/?url_ver=Z39.88-2004&ctx_ver=Z39.88-2004&ctx_enc=info:ofi/enc:UTF-8&rfr_id=info:sid/sfxit.com:opac_856&url_ctx_fmt=info:ofi/fmt:kev:mtx:ctx&sfx.ignore_date_threshold=1&rft.object_id=1000000000794231&svc_val_fmt=info:ofi/fmt:kev:mtx:sch_svc&">http://sfxeu11.hosted.exlibrisgroup.com/sfxmiu/?url_ver=Z39.88-2004&ctx_ver=Z39.88-2004&ctx_enc=info:ofi/enc:UTF-8&rfr_id=info:sid/sfxit.com:opac_856&url_ctx_fmt=info:ofi/fmt:kev:mtx:ctx&sfx.ignore_date_threshold=1&rft.object_id=1000000000794231&svc_val_fmt=info:ofi/fmt:kev:mtx:sch_svc&</a>
856 42 - ELECTRONIC LOCATION AND ACCESS
Uniform Resource Identifier <a href="http://sfxeu11.hosted.exlibrisgroup.com/sfxslub?url_ver=Z39.88-2004&ctx_ver=Z39.88-2004&ctx_enc=info:ofi/enc:UTF-8&rfr_id=info:sid/sfxit.com:opac_856&url_ctx_fmt=info:ofi/fmt:kev:mtx:ctx&sfx.ignore_date_threshold=1&rft.object_id=1000000000794231&svc_val_fmt=info:ofi/fmt:kev:mtx:sch_svc&">http://sfxeu11.hosted.exlibrisgroup.com/sfxslub?url_ver=Z39.88-2004&ctx_ver=Z39.88-2004&ctx_enc=info:ofi/enc:UTF-8&rfr_id=info:sid/sfxit.com:opac_856&url_ctx_fmt=info:ofi/fmt:kev:mtx:ctx&sfx.ignore_date_threshold=1&rft.object_id=1000000000794231&svc_val_fmt=info:ofi/fmt:kev:mtx:sch_svc&</a>
856 42 - ELECTRONIC LOCATION AND ACCESS
Uniform Resource Identifier <a href="http://sfxeu11.hosted.exlibrisgroup.com/sfxumub?url_ver=Z39.88-2004&ctx_ver=Z39.88-2004&ctx_enc=info:ofi/enc:UTF-8&rfr_id=info:sid/sfxit.com:opac_856&url_ctx_fmt=info:ofi/fmt:kev:mtx:ctx&sfx.ignore_date_threshold=1&rft.object_id=1000000000794231&svc_val_fmt=info:ofi/fmt:kev:mtx:sch_svc&">http://sfxeu11.hosted.exlibrisgroup.com/sfxumub?url_ver=Z39.88-2004&ctx_ver=Z39.88-2004&ctx_enc=info:ofi/enc:UTF-8&rfr_id=info:sid/sfxit.com:opac_856&url_ctx_fmt=info:ofi/fmt:kev:mtx:ctx&sfx.ignore_date_threshold=1&rft.object_id=1000000000794231&svc_val_fmt=info:ofi/fmt:kev:mtx:sch_svc&</a>
856 42 - ELECTRONIC LOCATION AND ACCESS
Uniform Resource Identifier <a href="http://site.ebrary.com/lib/prvbib/Top?channelName=prvbib&cpage=1&docID=10331496">http://site.ebrary.com/lib/prvbib/Top?channelName=prvbib&cpage=1&docID=10331496</a>
856 42 - ELECTRONIC LOCATION AND ACCESS
Uniform Resource Identifier <a href="http://www.du.se/proxy.aspx?url=http://site.ebrary.com/lib/dalarna/Top?id=10331496">http://www.du.se/proxy.aspx?url=http://site.ebrary.com/lib/dalarna/Top?id=10331496</a>
856 42 - ELECTRONIC LOCATION AND ACCESS
Uniform Resource Identifier <a href="https://login.bibproxy.kau.se:8443/login?url=http://site.ebrary.com/lib/kaubib/Top?channelName=kaubib&cpage=1&docID=10331496">https://login.bibproxy.kau.se:8443/login?url=http://site.ebrary.com/lib/kaubib/Top?channelName=kaubib&cpage=1&docID=10331496</a>
856 42 - ELECTRONIC LOCATION AND ACCESS
Uniform Resource Identifier <a href="https://login.e.bibl.liu.se/login?url=http://site.ebrary.com/lib/linkoping/Top?channelName=linkoping&cpage=1&docID=10331496">https://login.e.bibl.liu.se/login?url=http://site.ebrary.com/lib/linkoping/Top?channelName=linkoping&cpage=1&docID=10331496</a>
942 ## - ADDED ENTRY ELEMENTS (KOHA)
Source of classification or shelving scheme
Koha item type Book
Holdings
Withdrawn status Lost status Source of classification or shelving scheme Damaged status Not for loan Collection code Permanent Location Current Location Date acquired Total Checkouts Full call number Barcode Date last seen Price effective from Koha item type
            Military College of Signals (MCS) Military College of Signals (MCS) 12/12/2016   620.00452 BER MCSEB-3217 12/08/2016 12/12/2016 Book
© 2023 Central Library, National University of Sciences and Technology. All Rights Reserved.